[Event "AUTO-INT-3768"]
[Site "http://www.queenalice.com/game.php?id=1803405"]
[Date "2023.1.6"]
[Round "2"]
[White "Castling"]
[Black "sorim1"]
[Result "0-1"]
[WhiteElo "1683"]
[BlackElo "1677"]

1. e4 c5 2. Bc4 Nc6 3. a3 e6 4. Nf3 d5 5. exd5 exd5 6. Qe2+ Be6 7. Bb5 Be7 8.
Ne5 Qc7 9. Bxc6+ bxc6 10. O-O Bd6 11. f4 Ne7 12. c4 O-O 13. Nc3 a6 14. d3 Nf5
15. Nd1 Nd4 16. Qe1 Nc2 17. Qc3 Nxa1 18. b3 Nxb3 19. Qxb3 Bxe5 20. fxe5 Qxe5 21.
Bf4 Qh5 22. Ne3 d4 23. Nd1 Bg4 24. Nf2 Rfe8 25. Nxg4 Qxg4 26. h3 Qe2 27. Bd6 Re3
28. Kh2 Qxf1 29. Bxc5 Qf4+ 30. g3 Qf2+ 0-1

[Event "AUTO-INT-3768"]
[Site "http://www.queenalice.com/game.php?id=1803406"]
[Date "2023.1.6"]
[Round "2"]
[White "sorim1"]
[Black "Castling"]
[Result "1-0"]
[WhiteElo "1699"]
[BlackElo "1544"]

1. e4 e5 2. Nf3 d6 3. d4 Bg4 4. dxe5 Bxf3 5. Qxf3 dxe5 6. Bc4 Nf6 7. Qb3 Ke7 8.
Qxb7 Nbd7 9. Qb3 Nc5 10. Qb5 Ncxe4 11. Qxe5+ Kd7 12. O-O Bd6 13. Qf5+ Ke7 14.
Re1 Re8 15. Bg5 Kf8 16. Bxf6 Qxf6 17. Qxf6 Nxf6 18. Nc3 a6 19. g3 Rxe1+ 20. Rxe1
Re8 21. Rxe8+ Kxe8 22. Bxa6 Be5 23. Na4 Kd7 24. b3 Bd4 25. c3 Be5 26. Bd3 h5 27.
c4 Kd6 28. f4 Bd4+ 29. Kg2 Ng4 30. h3 Ne3+ 31. Kf3 f5 32. c5+ Bxc5 33. Nxc5 Nd5
34. Nb7+ Kc6 35. Na5+ Kc5 36. Bxf5 Ne7 37. Bd7 Kb4 38. Nc6+ Ka3 39. Nxe7 Kxa2
40. b4 1-0

[Event "AUTO-INT-3770"]
[Site "http://www.queenalice.com/game.php?id=1803804"]
[Date "2023.1.12"]
[Round "2"]
[White "SGF"]
[Black "sorim1"]
[Result "0-1"]
[WhiteElo "1722"]
[BlackElo "1680"]

1. e4 c5 2. Qf3 Nc6 3. c3 Nf6 4. d3 d5 5. exd5 Bg4 6. Qg3 Qxd5 7. h3 Bf5 8. f3
Bxd3 9. Nd2 e6 10. Bxd3 Qxd3 11. Ne2 Nd5 12. Nf4 Nxf4 13. Qxf4 Bd6 14. Qg4 O-O-O
15. Ne4 f5 16. Nf2 fxg4 17. Nxg4 Bg3+ 18. Nf2 Qd1# 0-1

[Event "AUTO-INT-3770"]
[Site "http://www.queenalice.com/game.php?id=1803805"]
[Date "2023.1.12"]
[Round "2"]
[White "sorim1"]
[Black "SGF"]
[Result "0-1"]
[WhiteElo "1696"]
[BlackElo "1618"]

1. d4 d5 2. Nf3 f6 3. Bf4 g5 4. Bg3 h5 5. h4 g4 6. Nfd2 c6 7. e4 a5 8. e5 Rh6 9.
c4 dxc4 10. Bf4 Rg6 11. Qc2 f5 12. Bxc4 b5 13. Bd3 Qxd4 14. g3 Bh6 15. Nb3 Qb4+
16. Bd2 Bxd2+ 17. N1xd2 Re6 18. O-O-O Rxe5 19. Rhe1 a4 20. Rxe5 axb3 21. Qxb3
Qxb3 0-1

[Event "AUTO-INT-3770"]
[Site "http://www.queenalice.com/game.php?id=1803808"]
[Date "2023.1.12"]
[Round "2"]
[White "sorim1"]
[Black "Curie"]
[Result "1-0"]
[WhiteElo "1687"]
[BlackElo "1599"]

1. d4 d5 2. Nf3 Nc6 3. c4 dxc4 4. e3 Be6 5. e4 Qd6 6. d5 Bg4 7. dxc6 Qxc6 8. Nc3
Nf6 9. Qd4 g6 10. Bxc4 Bg7 11. Bb5 Nd7 12. Qxg7 Qf6 13. Bxd7+ Kxd7 14. Ne5+ Ke6
15. Qxf6+ exf6 16. Nxg4 h5 17. Ne3 Rad8 18. O-O c6 19. Nc2 f5 20. Bg5 f6 21.
exf5+ gxf5 22. Rfe1+ Kf7 23. Bf4 b5 24. Rad1 Rde8 25. Rd7+ Kg6 26. Rxa7 h4 27.
h3 Rh7 28. Rxh7 Rg8 29. Rxh4 Rg7 30. Re8 b4 31. Rf8 bxc3 32. Rh6# 1-0

[Event "AUTO-INT-3770"]
[Site "http://www.queenalice.com/game.php?id=1803809"]
[Date "2023.1.12"]
[Round "2"]
[White "Curie"]
[Black "sorim1"]
[Result "0-1"]
[WhiteElo "1567"]
[BlackElo "1720"]

1. e4 c5 2. c4 Nc6 3. Nf3 d6 4. Nc3 Nf6 5. Bd3 Bg4 6. h3 Bd7 7. O-O g6 8. g3 Bg7
9. h4 O-O 10. b3 Nb4 11. Be2 Nxe4 12. a3 Nc6 13. Bd3 Nxc3 14. dxc3 Bxc3 15. Ra2
Bg4 16. Kg2 Ne5 17. Nxe5 Bxd1 18. Nxg6 fxg6 19. Rxd1 Bd4 20. Bh6 Rf7 21. Re1 e5
22. b4 Qf6 23. Be4 Bxf2 24. Ree2 Bd4 25. b5 Rb8 26. a4 Qf1+ 27. Kh2 Bg1+ 28. Kh1
Be3+ 29. Kh2 Bxh6 30. Bd5 Rf8 31. Bxf7+ Rxf7 32. Rg2 Qxc4 33. Rad2 Bxd2 34. Rxd2
Qf1 35. Rg2 Rf2 36. Rxf2 Qxf2+ 37. Kh3 c4 38. h5 g5 39. Kg4 c3 40. Kxg5 Qxg3+
41. Kh6 c2 42. a5 Qf4# 0-1

[Event "Let's Play Chess!"]
[Site "http://www.queenalice.com/game.php?id=1842704"]
[Date "2024.9.8"]
[Round "-"]
[White "sorim1"]
[Black "igor12345"]
[Result "0-1"]
[WhiteElo "1710"]
[BlackElo "2055"]

1. e4 c5 2. Nf3 d6 3. c3 Nf6 4. e5 dxe5 5. Nxe5 Qd5 6. d4 e6 7. Be3 Bd6 8. Nf3
a6 9. Nbd2 Qc6 10. Nc4 Bc7 11. dxc5 O-O 12. Qb3 Nbd7 13. Be2 Nxc5 14. Bxc5 Qxc5
15. O-O b5 16. Ne3 Bb7 17. Rad1 Rad8 18. Nd4 Qe5 19. g3 Nd5 20. Nxd5 Bxd5 21.
Qc2 Rc8 22. Rfe1 Qf6 23. Qd2 Bb6 24. Qf4 Qxf4 25. gxf4 g6 26. Bg4 Rcd8 27. Bh3
Bc7 28. Ne2 a5 29. b3 a4 30. bxa4 bxa4 31. Rd4 Ra8 32. c4 Bf3 33. c5 Rfd8 34.
Rxd8+ Rxd8 35. Nc3 Bc6 36. Ne4 Rd4 37. f3 Bxf4 38. Nf6+ Kg7 39. Ne4 Bd5 40. Bg2
Bxa2 41. Nc3 Bb3 42. c6 Rc4 43. Re4 Rxc3 44. Rxf4 Rxc6 45. Rb4 Ra6 46. Kf2 Bd5
47. Bf1 Ra5 48. Bd3 a3 49. Rb1 a2 50. Ra1 Ra8 51. Ke3 e5 52. h4 f5 53. f4 exf4+
54. Kxf4 Kf6 55. Bc2 Rb8 56. Kg3 Rb2 57. Rc1 Rxc2 58. Rxc2 a1=Q 59. Rf2 Qg1+ 0-1

[Event "Let's Play Chess!"]
[Site "http://www.queenalice.com/game.php?id=1843415"]
[Date "2024.9.9"]
[Round "-"]
[White "igor12345"]
[Black "sorim1"]
[Result "0-1"]
[WhiteElo "2052"]
[BlackElo "1654"]

1. e4 e6 2. d4 d5 3. e5 c5 4. c3 Nc6 5. Nf3 Qb6 6. Be2 Bd7 7. O-O Rc8 8. a3 cxd4
9. cxd4 Be7 10. Nc3 f6 11. Na4 Qc7 12. Bd2 fxe5 13. dxe5 a6 14. Rc1 Qb8 15. Nb6
Rd8 16. Ng5 Qxe5 17. Nxd7 Rxd7 18. Nh3 Nf6 19. Bf4 Qxb2 20. Qd3 O-O 21. Rc2 Qd4
22. Be3 Qxd3 23. Bxd3 Rfd8 24. Bb6 Re8 25. Nf4 Bd6 26. Ne2 Rde7 27. f4 Bxa3 28.
Bc5 Bxc5+ 29. Rxc5 e5 30. fxe5 Nxe5 31. Bc2 Nc4 32. Nf4 Ne3 33. Re1 Nxc2 34.
Rxe7 Rxe7 35. Rxc2 d4 36. Kf2 Ne4+ 37. Kf3 Ng5+ 38. Kf2 Kf7 39. Nd5 Rd7 40. Nb6
Re7 41. Nc4 d3 42. Rc1 Kf6 43. Rd1 Ne4+ 44. Kf3 Nc5 45. Nb2 Rd7 46. Ke3 Ke6 47.
Nxd3 Rxd3+ 48. Rxd3 Nxd3 49. Kxd3 Kd5 50. g4 b5 51. h4 a5 52. g5 g6 53. Ke3 b4
0-1

[Event "AUTO-OPEN-4548"]
[Site "http://www.queenalice.com/game.php?id=1843593"]
[Date "2024.9.13"]
[Round "1"]
[White "Givanildo"]
[Black "sorim1"]
[Result "1-0"]
[WhiteElo "1356"]
[BlackElo "1678"]

1. d4 d5 2. Bf4 Nf6 3. h3 Nc6 4. e3 e6 5. Bb5 Bd7 6. Nf3 a6 7. Bd3 Nh5 8. Ne5
Nxf4 9. exf4 Nxd4 10. O-O Bd6 11. Nxd7 Qxd7 12. Na3 O-O 13. Qh5 g6 14. Qh4 1-0

[Event "AUTO-OPEN-4548"]
[Site "http://www.queenalice.com/game.php?id=1843594"]
[Date "2024.9.13"]
[Round "1"]
[White "sorim1"]
[Black "Givanildo"]
[Result "0-1"]
[WhiteElo "1708"]
[BlackElo "1326"]

1. c4 d5 2. d4 dxc4 3. Nf3 h6 4. e4 Bg4 5. Bxc4 e6 6. O-O Be7 7. Qb3 b6 8. Ne5
Bh5 9. Qa4+ Nd7 10. Bb5 Nf6 11. Nxd7 Nxd7 12. Bc6 O-O 13. Bxd7 Bf6 0-1

[Event "AUTO-OPEN-4548"]
[Site "http://www.queenalice.com/game.php?id=1843621"]
[Date "2024.9.13"]
[Round "1"]
[White "Takeda"]
[Black "sorim1"]
[Result "0-1"]
[WhiteElo "2145"]
[BlackElo "1684"]

1. e4 g6 2. Nf3 Bg7 3. Bc4 d6 4. h3 Nf6 5. Nc3 Nxe4 6. O-O Nxc3 7. dxc3 O-O 8.
Be3 Nd7 9. Qd2 Nf6 10. Rad1 Qe8 11. Rfe1 e5 12. Bh6 Qc6 13. Bxg7 Kxg7 14. Bd3
Bxh3 15. Qg5 Bg4 16. Re3 Rae8 17. Nh4 e4 18. Bb5 Qb6 19. Bxe8 Rxe8 20. Rde1 h6
21. Qf4 g5 22. Nf5+ Kg6 23. Nxh6 gxf4 0-1

[Event "AUTO-OPEN-4548"]
[Site "http://www.queenalice.com/game.php?id=1843622"]
[Date "2024.9.13"]
[Round "1"]
[White "sorim1"]
[Black "Takeda"]
[Result "0-1"]
[WhiteElo "1712"]
[BlackElo "2105"]

1. f4 d5 2. Nf3 Bf5 3. e3 Nf6 4. Be2 Nc6 5. O-O e6 6. d3 Bc5 7. d4 Bd6 8. Nbd2
O-O 9. c3 Ne4 10. Nxe4 Bxe4 11. Qe1 Ne7 12. g4 f5 13. g5 Ng6 14. h4 c5 15. h5
Bxf3 16. Rxf3 Nh8 17. dxc5 Bxc5 18. b4 Bb6 19. c4 d4 20. c5 Bc7 21. Bc4 Re8 22.
Bb2 Nf7 23. Bxd4 e5 24. Bb2 exf4 25. g6 Qg5+ 26. Kf1 hxg6 0-1

[Event "Challenge"]
[Site "http://www.queenalice.com/game.php?id=1846493"]
[Date "2024.11.2"]
[Round "-"]
[White "sorim1"]
[Black "dosoldini"]
[Result "1-0"]
[WhiteElo "1648"]
[BlackElo "1405"]

1. e4 e5 2. Nf3 Nc6 3. Nc3 Nge7 4. Bc4 f5 5. exf5 Nxf5 6. O-O d6 7. d3 h6 8. Bd2
Nfd4 9. Nb5 Bd7 10. Nbxd4 Nxd4 11. Nxd4 exd4 12. Qh5+ 1-0